| 000 | 01074nam a2200397 a 4500 | ||
|---|---|---|---|
| 003 | AR-BaBNM | ||
| 005 | 20251128202839.0 | ||
| 008 | 082120s2002 ||||||||||||||000 | spa|| | ||
| 020 | _a950-518-318-6 | ||
| 040 | _cAR-BaBNM | ||
| 100 | 1 | _aHorkheimer, Max | |
| 245 | 0 | 0 | _aTeoría crítica |
| 250 | _a1ª ed. | ||
| 260 |
_aBuenos Aires _bAmorrortu _c1990 |
||
| 300 | _a288 p. | ||
| 490 | 0 | _aBiblioteca de filosofía | |
| 500 | _aContiene lista de títulos de la colección al final de la obra | ||
| 650 | 4 | _aTEORIA LITERARIA | |
| 650 | 4 | _aSOCIOLOGIA CULTURAL | |
| 650 | 4 | _aCULTURA DE MASAS | |
| 650 | 4 | _aCIENCIAS SOCIALES | |
| 650 | 4 | _aANTROPOLOGIA | |
| 650 | 4 | _aSOCIOLOGIA DEL ARTE | |
| 650 | 4 | _aESTUDIOS SOCIALES | |
| 650 | 4 | _aCULTUROLOGIA | |
| 650 | 4 | _aVALORES CULTURALES | |
| 650 | 4 | _aPSICOLOGIA | |
| 650 | 4 | _aHISTORIA | |
| 650 | 4 | _aFILOSOFIA CULTURAL | |
| 650 | 4 | _aCRITICA LITERARIA | |
| 700 | 1 |
_aAlbizu, Edgardo _etraductor |
|
| 700 | 1 |
_aLuis, Carlos _etraductor |
|
| 800 | 1 |
_aGeltman, Pedro _edirector |
|
| 942 | _cBK | ||
| 998 | _cMARTIN | ||
| 999 |
_c867 _d867 |
||